Losses of cage rotor induction motor fed from current source inverter = Straty indukčného motora s kotvou nakrátko napájaného z prúdového meniča : Kand.diz.práca : V.odb. 26-02-9 : Obh. 05.03.1986 /

Gespeichert in:
Bibliographische Detailangaben
1. Verfasser: Saad El-Din Abd El-Razek Ibrahim (Verfasst von)
Weitere Verfasser: Klug, Ľudovít, 1935- (Betreuung Doktorarbeit)
Format: Manuskript Buch
Veröffentlicht: Bratislava : SVŠT v Bratislave EF, 1985
Schlagworte:
Tags: Tag hinzufügen
Keine Tags, Fügen Sie das erste Tag hinzu!

MARC

LEADER 00000ntm a22000003a 4500
001 stu4468
005 20150617225810.4
008 ------s1985----------------------------d
040 |a STU  |b slo 
041 0
100 1 |a Saad El-Din Abd El-Razek Ibrahim  |4 aut 
245 1 |a Losses of cage rotor induction motor fed from current source inverter = Straty indukčného motora s kotvou nakrátko napájaného z prúdového meniča :  |b Kand.diz.práca : V.odb. 26-02-9 : Obh. 05.03.1986 /  |c [aut.] Saad El-Din Abd El-Razek Ibrahim; Škol. Klug,Ňudovít 
260 |a Bratislava :  |b SVŠT v Bratislave EF,  |c 1985 
300 |a 155 s  |c Autoref.1985, 24 s 
650 7 |a elektrické stroje a prístroje  |2 stusub 
650 7 |a elektrické motory  |2 stusub 
700 1 |a Klug, Ľudovít,  |d 1935-  |4 ths  |u E120  |U FEI Fakulta elektrotechniky a informatiky  |T FEI Katedra elektrických strojov a prístrojov  |X 3568  |U E120  |Y 58  |7 A000003568 
996 |b 284ED00706  |c E*KDIZ-494  |l EE01  |s A  |a 24  |w stu4468_0001